| 000 | 00623nam a22002057a 4500 | ||
|---|---|---|---|
| 999 |
_c20914 _d20914 |
||
| 003 | AR-CdUCM | ||
| 008 | 190607b ||||| |||| 00| 0 spa d | ||
| 040 |
_aMUNICIPALIDAD PROVINCIAL DEL CUSCO _cBIBLIOTECA MUNICIPAL DEL CUSCO |
||
| 082 |
_a895.1 / _bK41 |
||
| 100 |
_aKeng Keng (adaptación) _943642 |
||
| 245 | _aBello soñador / | ||
| 260 |
_aPekin : _c1979. |
||
| 300 |
_a38 páginas ; _bIlustraciones, _c21 cm. |
||
| 505 | _aContenido: Cuento. | ||
| 650 |
_aCuentos _9217 |
||
| 650 |
_aCuento infantil _925028 |
||
| 700 |
_aChiang Cheng-an y wu Tai-Sheng (dibujos) _943643 |
||
| 942 |
_2ddc _cLIBROS |
||
| 945 | _aAndy | ||